Home Print Resources E-Books E-Journals IIMT Lecture Series Library Membership Form Book Recommendation Form Campus Tour Take AdmissionAbout Us Contact Us

DATABASE MANAGEMENT SYSTEM (Record no. 2935)

000 -LEADER
fixed length control field 00352nam a2200157Ia 4500
003 - CONTROL NUMBER IDENTIFIER
control field OSt
005 - DATE AND TIME OF LATEST TRANSACTION
control field 20240219115754.0
008 - FIXED-LENGTH DATA ELEMENTS--GENERAL INFORMATION
fixed length control field 170524s9999 xx 000 0 und d
020 ## - INTERNATIONAL STANDARD BOOK NUMBER
International Standard Book Number 9788182092228
040 ## - CATALOGING SOURCE
Transcribing agency IIMT UNIVERSITY
100 ## - MAIN ENTRY--PERSONAL NAME
Personal name LEON ALEXIS
100 ## - MAIN ENTRY--PERSONAL NAME
Titles and words associated with a name 1999
245 #0 - TITLE STATEMENT
Title DATABASE MANAGEMENT SYSTEM
260 ## - PUBLICATION, DISTRIBUTION, ETC.
Place of publication, distribution, etc. VIKAS
942 ## - ADDED ENTRY ELEMENTS (KOHA)
Source of classification or shelving scheme
Koha item type Text-Book- for 7 days
Holdings
Withdrawn status Lost status Source of classification or shelving scheme Damaged status Not for loan Home library Current library Date acquired Coded location qualifier Barcode Date last seen Uniform Resource Identifier Price effective from Koha item type Public note Total Checkouts Date last checked out
          IIMT University Central Library Meerut IIMT University Central Library Meerut 05/31/2017 Dept. MBA 01-B-21890 05/31/2017 MANAGEMENT 05/31/2017 Book Bank    
          IIMT University Central Library Meerut IIMT University Central Library Meerut 05/31/2017   01-B-21891 05/31/2017 MANAGEMENT 05/31/2017 Book Bank      
          IIMT University Central Library Meerut IIMT University Central Library Meerut 05/31/2017   01-B-21892 05/31/2017 MANAGEMENT 05/31/2017 Book Bank      
          IIMT University Central Library Meerut IIMT University Central Library Meerut 05/31/2017   01-B-21893 05/31/2017 MANAGEMENT 05/31/2017 Book Bank      
          IIMT University Central Library Meerut IIMT University Central Library Meerut 05/31/2017   01-B-21894 05/31/2017 MANAGEMENT 05/31/2017 Book Bank      
          NOIDA IIMT College of Engineering MBA NOIDA IIMT College of Engineering MBA 06/29/2017   21-B-3678 08/27/2024   06/29/2017 Book Bank   2 07/04/2024
          NOIDA IIMT College of Engineering MBA NOIDA IIMT College of Engineering MBA 06/29/2017   21-B-3679 06/29/2017   06/29/2017 Book Bank      
          NOIDA IIMT College of Engineering MBA NOIDA IIMT College of Engineering MBA 06/29/2017   21-B-3680 06/29/2017   06/29/2017 Book Bank      
          NOIDA IIMT College of Engineering MBA NOIDA IIMT College of Engineering MBA 06/29/2017   21-B-3681 06/29/2017   06/29/2017 Book Bank      
          NOIDA IIMT College of Engineering MBA NOIDA IIMT College of Engineering MBA 06/29/2017   21-B-3682 06/29/2017   06/29/2017 Book Bank      
IIMT, Central Library. All Rights Reserved IIMT,UNIVERSITY © 2023
Implemented and Customised by I CLOUDE EMS
You Are OPAC Visitor No
free web counter

Powered by Koha